Statistics for Adeeba Quiz

Click here to take the quiz!

General Stats

  • This quiz has been taken 4 times
    (3 since last reset)
  • The average score is 14 of 30

Answer Stats

QuestionAnswer% Correct
What movie has the highest worldwide box office gross?Avengers: Endgame
100%
Alley-oop is a term used in which sport?Basketball
100%
What is the real name of the superhero The Incredible Hulk?Bruce Banner
100%
In which video game did Mario make his first appearance?Donkey Kong
100%
In what year did the Soviet Union cease to exist?1991
67%
What are the first five digits of Pi?3.1415
67%
What is the smallest ocean in the world?Arctic
67%
Which country has won the most football World Cups?Brazil
67%
Who was the second man on the moon?Buzz Aldrin
67%
What term means permissible in Islam?Halal
67%
Who wrote the novel Frankenstein?Mary Shelley
67%
Guernica is a large oil painting on canvas by which artist?Pablo Picasso
67%
Maki, Nigiri and Inari are all forms of what food?Sushi
67%
What is the best selling album of all time released in 1982?Thriller
67%
The human skeleton consists of how many bones?206
33%
What is the capital city of Jordan?Amman
33%
Which chemical element has the symbol Sb?Antimony
33%
Which playwright wrote Death of a Salesman and The Crucible?Arthur Miller
33%
What is the third most populous city in the United States?Chicago
33%
The four C's of diamonds are Carat, Cut, Colour and?Clarity
33%
Which actor died in 1955 after starring in only three films?James Dean
33%
A group of crows is referred to as a?Murder
33%
Achilles was killed by which Prince of Troy?Paris
33%
What is the second tallest building in the world?Shanghai Tower
33%
Rhodesia is the former name of which country?Zimbabwe
33%
What was the currency of Germany before the Euro?Deutsche Mark
0%
Who was Time Person of the Year 2019?Greta Thunberg
0%
Who was Kim Kim Kardashian's second husband?Kris Humphries
0%
Wasalu Muhammad Jaco is the real name of which rapper?Lupe Fiasco
0%
Which TV series focused on the character Don Draper?Mad Men
0%

Score Distribution

Percentile by Number Answered

Percent of People with Each Score

Your Score History

You have not taken this quiz since the last reset